000 00470nam a2200157Ia 4500
008 100122s9999 xx 000 0 und d
082 _b37130
_a823
100 _aJOE DAVID
245 _aPAPER MOON ( FORMERLY`ADDIE PRAY`) (BUNDLE- A)
260 _bHODDER & STOUGHTON LTD
_c1905
300 _a287
630 _aPAPER MOON ( FORMERLY`ADDIE PRAY`) (BUNDLE- A)
700 _aAUTHOR TO ENTER
730 _aPAPER MOON ( FORMERLY`ADDIE PRAY`) (BUNDLE- A)
942 _cBOOK
999 _c371655
_d371652